| 000 | 00563nam a2200193 a 4500 | ||
|---|---|---|---|
| 005 | 20230902063556.0 | ||
| 008 | 991125s19912000mx 000 0 spa u | ||
| 020 | _a9681840666 | ||
| 035 | _aUPN01000027317 | ||
| 049 | _aCG | ||
| 050 | 4 |
_aLB1027 _bF4.3a |
|
| 100 | 1 | _aFerrini, María Rita | |
| 245 | 1 | 0 |
_aHacia una educación personalizada / _cRita Ferrini. |
| 260 |
_aMéxico : _bLimusa-Noriega, _c1991 (2000 impr.) |
||
| 300 | _a199 p. | ||
| 650 | 4 |
_aEducación _xMétodos experimentales _95868 |
|
| 650 | 4 |
_aEnseñanza individualizada _96835 |
|
| 905 | _aLibro | ||
| 999 |
_c27317 _d27317 |
||